| 000 | 00638nam a2200205 i 4500 | ||
|---|---|---|---|
| 001 | 64450 | ||
| 003 | ES-MaACL | ||
| 005 | 20250524063046.0 | ||
| 007 | t| | ||
| 008 | 031224s1958 sp ||||1| cat d | ||
| 080 | _a849.9-311.2"19" | ||
| 100 | 1 |
_aFolch i Camarasa, Ramon, _d1926- _951450 |
|
| 245 | 1 | 3 |
_aEl meu germà gran / _cRamón Folch i Camarasa. |
| 260 |
_aBarcelona : _bAlbert, _c[1958] ( _eGerona : _fInd. Litográfiques) |
||
| 300 |
_a185 p. ; _c16 cm. |
||
| 490 | 1 |
_aNova col·lecció lletres ; _v37 |
|
| 830 | 1 |
_aNova col·lecció lletres ; _v37 _9181917 |
|
| 852 | 4 |
_aES-MaACL _jC-17113 |
|
| 999 |
_c64450 _d64450 |
||